000
00199nam a2200085 4500
001
1258568
005
20260312200740.0
245
_a
DÜNYANIN MERKEZİNE YOLCULUK
_c
JULES VERNE
260
_b
ARKADAŞ ÇOCUK
999
_c
1258568
_d
1258568